000 00568 a2200229 4500
001 16798
999 _c16798
_d3512
003 TR-AnTOB
005 20190408212910.0
008 041102s1996 tu tur
020 _a9754943281
041 _atur
050 _aPL248.S85
_bB57 1996
090 _aPL248.S85 B57 1996
100 _aSümer, Dinçek
_98165
245 0 _aBir düş müydü o İzmir /
_cDinçek Sümer.
250 _a2. bs.
264 1 _aAnkara :
_bBilgi Yayınevi,
_c1996
300 _a134 p. ;
_c21 cm.
490 0 _aBilgi Yayınları, Yeni Dizi; 13
902 _a0005150
942 _cBK